Dialektika zákonov, zákonitostí a kategórií vedeckého komunizmu /

Uložené v:
Podrobná bibliografia
Hlavný autor: Vrba, Hubert (Author)
Médium: Kniha
Jazyk:Slovak
Vydané: Bratislava : Vysoká škola ekonomická, 1985.
Vydanie:1. vyd.
ISBN: (brož.)
Fyzický popis: 246 s.
Tagy: Pridať tag
Žiadne tagy, Buďte prvý kto otaguje tento záznam!

MARC

LEADER 00000nam a2200000 a 4500
001 000106310
005 20100901140914.0
008 040101s1985 xo e slo d
020 |a (brož.)  |c Kčs 16,00 
040 |a SVKKK  |b slo  |c SVKKK  |e AACR2 
041 0 |a slo 
044 |a xo  |c SK 
100 1 |a Vrba, Hubert  |4 aut 
245 1 0 |a Dialektika zákonov, zákonitostí a kategórií vedeckého komunizmu /  |c Hubert Vrba. 
250 |a 1. vyd. 
260 |a Bratislava :  |b Vysoká škola ekonomická,  |c 1985. 
300 |a 246 s. 
910 |a svkkk 
998 |a BK 
090 |g SCKHL  |k Sklad Pribinova 3. posch.  |a V.154388  |j 711118  |i 2720196663  |s Absenčne 
090 |g SCKHL  |k Sklad Pribinova 3. posch.  |a V.154389  |j 711119  |i 2720977809  |s Absenčne